000 00355nam a22001217a 4500
082 _aع ل م
100 _aعالم اسرار
245 _aمعرک دجال اکبر: تفقیر تدبیر اور تعمیل
260 _aنءی دھلی
_b پبلشر
_c۲۰۰۵
300 _a۱۹۱
500 _aDonated by Dunish Book Distributors
942 _cBK
999 _c11599
_d11599